000 00790nam a2200229Ia 4500
005 20250108125053.0
008 008 250107s9999 xx 000 0 hin d
020 _a978-93-86835-87-1
037 _aTB
040 _aCRL
_bhin
_cCRL
041 _ahin
_2hin
084 _aΔ3y7N57 152R4
084 _qCRL
100 _aआशुतोष, ले.
245 0 _aमरें तो उम्र भर के लिए
_cआशुतोष, ले.
260 _aनई दिल्ली, भारत
_bभारतीय ज्ञानपीठ
_c3211
300 _a122पृ0
365 _aINR
_b600
650 _aहिन्दी कहानीहिन्दी साहित्य
_9729733
942 _cTB
_hΔ3y7N57 152R4
999 _c1235599
_d1235599